| 000 | 00620cam a2200205 4500500 | ||
|---|---|---|---|
| 005 | 20260329003214.0 | ||
| 041 | _afre | ||
| 042 | _adc | ||
| 100 | 1 | 0 |
_aEltchaninoff, Michel _eauthor |
| 245 | 0 | 0 | _aRémi Brague, Abdennour Bidar. les versets de la discorde |
| 260 | _c2015. | ||
| 500 | _a98 | ||
| 690 | _aAbdennour Bidar | ||
| 690 | _aCoran | ||
| 690 | _aIslam | ||
| 690 | _aMusulman | ||
| 690 | _aRémi Brague | ||
| 786 | 0 | _nPhilosophie magazine | 87 | 3 | 2015-03-01 | p. 24-27 | 1951-1787 | |
| 856 | 4 | 1 | _uhttps://shs.cairn.info/magazine-philosophie-magazine-2015-3-page-24?lang=fr&redirect-ssocas=7080 |
| 999 |
_c1822369 _d1822369 |
||